Co. | City/Town |
PEN | Burlington, ME | | 97.3% | SOM | New Portland, ME | | 97.3% | LIN | Westport Island, ME | | 97.3% | RCK | Newington, NH | | 97.2% | PEN | Charleston, ME | | 97.1% | PIS | Wellington, ME | | 97.1% | RCK | South Hampton, NH | | 97.1% | ORL | Brownington, VT | | 97% | ARO | Westmanland, ME | | 96.9% | ESS | Norton, VT | | 96.9% | ARO | Weston, ME | | 96.7% | GRF | Easton, NH | | 96.7% | WNS | Weston, VT | | 96.7% | RUT | Killington, VT | | 96.6% | WSM | Beddington, ME | | 96.4% | OXF | Stoneham, ME | | 96.4% | CUM | Chebeague Island, ME | | 96.3% | ESS | Lemington, VT | | 96.1% | WSM | Robbinston, ME | | 96.1% | ESS | Maidstone, VT | | 95.9% | WNH | Stratton, VT | | 95.9% | GRF | Benton, NH | | 95.9% | LIN | South Bristol, ME | | 95.9% | GRF | Waterville Valley, NH | | 95.8% | HAN | Verona Island, ME | | 95.8% | RUT | Hubbardton, VT | | 95.8% | ARO | Island Falls, ME | | 95.8% | OXF | Canton, ME | | 95.7% | CUM | Long Island, ME | | 95.5% | WNH | Grafton, VT | | 95.5% | HAN | Swans Island, ME | | 95.4% | GRF | Groton, NH | | 95.4% | LAM | Waterville, VT | | 95.4% | WSM | Princeton, ME | | 95.3% | LIN | Southport, ME | | 95.2% | HAN | Brooksville, ME | | 95.2% | BEN | Sunderland, VT | | 95.2% | CHE | Harrisville, NH | | 95.2% | WSM | Northfield, ME | | 95.1% | PEN | Stacyville, ME | | 95.1% | ADD | Panton, VT | | 95.1% | CUM | Frye Island, ME | | 94.9% | HAN | Eastbrook, ME | | 94.8% | ARO | Grand Isle, ME | | 94.8% | ORL | Westfield, VT | | 94.8% | ARO | Westfield, ME | | 94.8% | COO | Dalton, NH | | 94.8% | ADD | Granville, VT | | 94.7% | PEN | Clifton, ME | | 94.7% | RUT | Middletown Springs, VT | | 94.7% | CAR | Eaton, NH | | 94.6% | PEN | Springfield, ME | | 94.6% | LIN | Somerville, ME | | 94.6% | WSM | Dennysville, ME | | 94.5% | KNX | North Haven, ME | | 94.5% | ADD | Ripton, VT | | 94.5% | ORL | Holland, VT | | 94.5% | GI | North Hero, VT | | 94.5% | PEN | Woodville, ME | | 94.3% | RUT | West Haven, VT | | 94.3% | HAN | Mariaville, ME | | 94.3% | PEN | Alton, ME | | 94.3% | BEN | Landgrove, VT | | 94.2% | ORL | Westmore, VT | | 94.1% | ORA | West Fairlee, VT | | 94.1% | WSM | Whitneyville, ME | | 94% | COO | Clarksville, NH | | 94% | FRM | Kingfield, ME | | 94% | OXF | Upton, ME | | 93.8% | ESS | East Haven, VT | | 93.8% | GRF | Landaff, NH | | 93.8% | SOM | Bingham, ME | | 93.7% | PEN | Lakeville, ME | | 93.6% | PIS | Willimantic, ME | | 93.6% | HAN | Winter Harbor, ME | | 93.5% | ARO | Haynesville, ME | | 93.4% | HAN | Cranberry Isles, ME | | 93% | COO | Stewartstown, NH | | 92.9% | WSM | Wesley, ME | | 92.6% | ARO | Bridgewater, ME | | 92.6% | WNS | Bridgewater, VT | | 92.6% | CAR | Chatham, NH | | 92.5% | GRF | Dorchester, NH | | 92.4% | WSM | Alexander, ME | | 92.3% | ARO | Hammond, ME | | 91.9% | WAL | Islesboro, ME | | 91.9% | BEN | Stamford, VT | | 91.9% | WSV | Worcester, VT | | 91.8% | WNS | Andover, VT | | 91.7% | FRM | Carrabassett Valley, ME | | 91.7% | OXF | Andover, ME | | 91.7% | ARO | New Limerick, ME | | 91.6% | CAL | Peacham, VT | | 91.4% | ORL | Greensboro, VT | | 91.3% | BEN | Sandgate, VT | | 91.2% | BEN | Woodford, VT | | 91.2% | FRM | New Vineyard, ME | | 91.2% | CAR | Brookfield, NH | | 91.1% | COO | Stratford, NH | | 91% | ADD | Whiting, VT | | 90.8% |
|
Co. | City/Town |
WSM | Whiting, ME | | 90.8% | WSM | Danforth, ME | | 90.8% | HAN | Waltham, ME | | 90.6% | ADD | Waltham, VT | | 90.6% | ARO | Portage Lake, ME | | 90.3% | COO | Randolph, NH | | 90.2% | ARO | Wallagrass, ME | | 90.2% | WNS | Reading, VT | | 90.1% | ARO | Sherman, ME | | 90.1% | ARO | New Sweden, ME | | 90% | WSM | Crawford, ME | | 89.9% | ARO | Hamlin, ME | | 89.9% | CAL | Newark, VT | | 89.6% | ARO | Castle Hill, ME | | 89.3% | WNH | Brookline, VT | | 89.1% | RCK | New Castle, NH | | 89.1% | WNS | Stockbridge, VT | | 89% | ARO | Perham, ME | | 88.9% | WNH | Windham, VT | | 88.9% | ARO | Chapman, ME | | 88.7% | WNH | Wardsboro, VT | | 88.5% | WSV | Woodbury, VT | | 88.5% | PIS | Medford, ME | | 88.4% | HAN | Brooklin, ME | | 88.2% | ARO | Monticello, ME | | 88.1% | ARO | New Canada, ME | | 87.9% | PIS | Parkman, ME | | 87.9% | ARO | Caswell, ME | | 87.6% | ARO | Merrill, ME | | 87.2% | OXF | Greenwood, ME | | 87.2% | WSM | Marshfield, ME | | 87% | WSM | Charlotte, ME | | 86.7% | OXF | Hanover, ME | | 86.5% | CAL | Sheffield, VT | | 86.4% | ORA | Vershire, VT | | 86.4% | BEN | Winhall, VT | | 86.4% | WSM | Vanceboro, ME | | 86.1% | PEN | Mount Chase, ME | | 86.1% | SUL | Langdon, NH | | 86.1% | PIS | Beaver Cove, ME | | 85.9% | GRF | Sugar Hill, NH | | 85.9% | HAN | Frenchboro, ME | | 85.8% | CAL | Stannard, VT | | 85.8% | WSM | Jonesboro, ME | | 85.8% | GRF | Ellsworth, NH | | 85.6% | WSM | Columbia Falls, ME | | 85.5% | WAL | Morrill, ME | | 85.5% | BEN | Readsboro, VT | | 85.2% | SOM | Moose River, ME | | 84.9% | ARO | St. Francis, ME | | 84.7% | GI | Isle La Motte, VT | | 84.6% | ARO | Dyer Brook, ME | | 84.3% | HAN | Great Pond, ME | | 84.1% | PEN | Lowell, ME | | 84.1% | ORL | Lowell, VT | | 84.1% | HIL | Sharon, NH | | 83.8% | COO | Shelburne, NH | | 83.7% | PIS | Monson, ME | | 83.7% | PEN | Lagrange, ME | | 83.7% | SOM | Harmony, ME | | 83.7% | ESS | Bloomfield, VT | | 83.4% | RUT | Pittsfield, VT | | 83.4% | FRM | Carthage, ME | | 82.9% | ARO | Stockholm, ME | | 82.8% | CAR | Hart's Location, NH | | 82.5% | RUT | Mount Tabor, VT | | 82.3% | GRF | Lyman, NH | | 82.3% | COO | Carroll, NH | | 82.3% | OXF | Stow, ME | | 82.1% | OXF | Newry, ME | | 81.5% | ARO | Oakfield, ME | | 81.5% | WAL | Belmont, ME | | 81.4% | ARO | St. Agatha, ME | | 80.8% | GRF | Wentworth, NH | | 80.8% | ARO | Allagash, ME | | 80.7% | BEN | Searsburg, VT | | 80.3% | WSM | Topsfield, ME | | 80.3% | PEN | Maxfield, ME | | 80.2% | PIS | Shirley, ME | | 80.2% | SOM | Cambridge, ME | | 80.2% | KNX | Isle au Haut, ME | | 80% | ESS | Granby, VT | | 79.5% | ESS | Guildhall, VT | | 79.4% | PEN | Edinburg, ME | | 78.9% | GRF | Hebron, NH | | 78.9% | ADD | Hancock, VT | | 78.8% | PIS | Atkinson, ME | | 78.8% | COO | Stark, NH | | 78.5% | SOM | Starks, ME | | 78.5% | RUT | Tinmouth, VT | | 78.4% | COO | Pittsburg, NH | | 78.3% | ADD | Weybridge, VT | | 78% | WAL | Jackson, ME | | 77.8% | GRF | Piermont, NH | | 77.8% | CAR | Jackson, NH | | 77.8% | CAL | Walden, VT | | 77.6% | WNS | Plymouth, VT | | 75.9% | LAM | Belvidere, VT | | 75.8% | CHE | Nelson, NH | | 74.9% | WSM | Pembroke, ME | | 74.8% |
|
Co. | City/Town |
HIL | Windsor, NH | | 74.4% | CHI | St. George, VT | | 73.2% | SUL | Acworth, NH | | 73.1% | SOM | Caratunk, ME | | 72.9% | WNS | Baltimore, VT | | 72.9% | GRF | Orange, NH | | 72.5% | ARO | Crystal, ME | | 72% | WNS | Barnard, VT | | 71.8% | ARO | Linneus, ME | | 71.7% | ESS | Brunswick, VT | | 71.3% | ADD | Goshen, VT | | 71.3% | SUL | Goshen, NH | | 71.3% | CHE | Roxbury, NH | | 71.2% | OXF | Roxbury, ME | | 71.2% | WSV | Roxbury, VT | | 71.2% | CHE | Marlow, NH | | 71% | RUT | Sudbury, VT | | 70.9% | ARO | Eagle Lake, ME | | 70.6% | HAN | Sorrento, ME | | 70.3% | CAL | Wheelock, VT | | 70.3% | HAN | Osborn, ME | | 70.2% | WAL | Liberty, ME | | 70.2% | CHE | Sullivan, NH | | 70.1% | SUL | Croydon, NH | | 69.8% | GRF | Warren, NH | | 69.8% | SOM | Ripley, ME | | 69.7% | GRF | Monroe, NH | | 69.5% | WSM | Perry, ME | | 69.5% | WAL | Monroe, ME | | 69.5% | WNH | Athens, VT | | 69.4% | OXF | Sweden, ME | | 68.8% | LIN | Bremen, ME | | 68% | LAM | Elmore, VT | | 68% | FRM | Industry, ME | | 67.8% | PIS | Bowerbank, ME | | 66.1% | ARO | Masardis, ME | | 66% | BEN | Rupert, VT | | 64.2% | ARO | Blaine, ME | | 63.9% | FRM | Weld, ME | | 63.8% | PEN | Mattawamkeag, ME | | 63.6% | PEN | Winn, ME | | 63.4% | WAL | Freedom, ME | | 63.4% | ARO | Bancroft, ME | | 63.1% | WSM | Cooper, ME | | 62.4% | COO | Dummer, NH | | 62% | PEN | Passadumkeag, ME | | 62% | SOM | Embden, ME | | 62% | ARO | Hersey, ME | | 61.8% | SOM | Mercer, ME | | 61.6% | WAL | Waldo, ME | | 61.2% | HAN | Amherst, ME | | 60.8% | ESS | Canaan, VT | | 60.8% | ORL | Morgan, VT | | 59.7% | WAL | Thorndike, ME | | 59.2% | BEN | Peru, VT | | 58.4% | ORA | Fairlee, VT | | 57.9% | WNS | Pomfret, VT | | 57.5% | WSM | Talmadge, ME | | 57.3% | FRM | Eustis, ME | | 57.3% | CAR | Albany, NH | | 54.2% | ORL | Albany, VT | | 54.2% | WSM | Cutler, ME | | 51.3% | WSM | Beals, ME | | 50.2% | ARO | Orient, ME | | 49.9% | WSM | Roque Bluffs, ME | | 49.6% | COO | Errol, NH | | 49.3% | SAG | Arrowsic, ME | | 48.3% | OXF | Sumner, ME | | 48.1% | OXF | Gilead, ME | | 47.3% | PEN | Lee, ME | | 46.6% | WSM | Columbia, ME | | 44.6% | COO | Columbia, NH | | 44.6% | WAL | Prospect, ME | | 43.7% | ARO | Ludlow, ME | | 43.4% | ESS | Victory, VT | | 42.7% | WNH | Halifax, VT | | 41.3% | WSM | Meddybemps, ME | | 40.9% | HAN | Aurora, ME | | 40.4% | KEN | Vienna, ME | | 39.4% | OXF | Byron, ME | | 38.8% | CHE | Surry, NH | | 38.7% | SOM | Detroit, ME | | 37.2% | WSM | Deblois, ME | | 34.1% | YRK | Ogunquit, ME | | 33.3% | ARO | Amity, ME | | 32.4% | FRM | Temple, ME | | 30.8% | CHE | Gilsum, NH | | 29.6% | SOM | Moscow, ME | | 29.1% | ARO | Wade, ME | | 24.6% | WSM | Waite, ME | | 23.2% | FRM | Avon, ME | | 22.8% | HAN | Otis, ME | | 20.1% | PIS | Sebec, ME | | 18.5% | PIS | Abbot, ME | | 17.7% | RUT | Ira, VT | | 16.4% | CAL | Kirby, VT | | 13.5% | LIN | Alna, ME | | 12.5% | WAL | Knox, ME | | 12.4% | ORL | Jay, VT | | 12.2% | ARO | Smyrna, ME | | 9.7% |
|
Comments